Tatranská Javorina lyžovačka na konci sveta

Podrobná bibliografia
Hlavný autor: Lehotský, Ľubomír, 1974- (Autor)
Médium: Článok
Jazyk:slovenčina
PhysicalDescription:Fotogr., mapa., tab.
ISSN:1335-7573
Predmet:
On-line prístup:www.korzar.sk

MARC

LEADER 00000nab a2200000 ar4500
001 vtls009005834
003 SK-MaSNL
005 20260303065712.0
008 070709c2007 xo dr|p|||||||000 ||slo
038 |a PPPK 
040 |a PPPKCL  |b slo  |c PPPK  |e AACR2 
041 0 |a slo 
044 |a xo  |c SK 
080 |a 796.92  |2 1997 
080 |a 908.437.67  |2 1997 
100 1 |a Lehotský, Ľubomír,  |d 1974-  |4 aut  |9 88132 
245 1 0 |a Tatranská Javorina  |b lyžovačka na konci sveta  |c Ľubomír Lehotský 
300 |b Fotogr., mapa., tab. 
650 0 7 |a lyžovanie  |x možnosti  |2 pppkcl  |9 1066123 
651 7 |a Tatranská Javorina (Slovensko)  |2 pppkcl  |9 17537 
773 0 |t Tatranský denník Korzár  |g Roč. IX, č. 34 (10.2.2007), s. 35  |x 1335-7573 
852 |a PPPK  |b KIS3GCP 
856 |u www.korzar.sk 
999 |c 1752286  |d 1754216